书目信息 |
| 题名: |
社会治理视角下社会组织绩效评价指标体系与模型构建研究
|
|
| 作者: | 陈海玉 , 郭学静 著 | |
| 分册: | ||
| 出版信息: | 昆明 云南科技出版社 2020.12 |
|
| 页数: | 220页 | |
| 开本: | 26cm | |
| 丛书名: | ||
| 单 册: | ||
| 中图分类: | C916.1 | |
| 科图分类: | ||
| 主题词: | 社会组织--she hui zu zhi--评价指标--研究--中国 | |
| 电子资源: | ||
| ISBN: | 978-7-5587-3313-0 | |
| 000 | 01340nam0 2200253 450 | |
| 001 | 2131761326 | |
| 005 | 20210930094428.0 | |
| 010 | @a978-7-5587-3313-0@dCNY48.00 | |
| 100 | @a20210426d2020 em y0chiy50 ea | |
| 101 | 0 | @achi |
| 102 | @aCN@b530000 | |
| 105 | @ay z 000yy | |
| 106 | @ar | |
| 200 | 1 | @a社会治理视角下社会组织绩效评价指标体系与模型构建研究@Ashe hui zhi li shi jiao xia she hui zu zhi ji xiao ping jia zhi biao ti xi yu mo xing gou jian yan jiu@f陈海玉,郭学静著 |
| 210 | @a昆明@c云南科技出版社@d2020.12 | |
| 215 | @a220页@d26cm | |
| 300 | @a教育部人文社科项目 | |
| 330 | @a从社会治理视角,对社会组织的绩效内涵和维度进行界定,在此基础上构建绩效评价指标体系和模型,并进行实证研究,清晰、准确地定位社会组织在参与社会治理中出现的各类问题,探讨优化社会组织绩效的有效机制,倡导“志愿精神、多元主义、利他主义和参与共享”等价值理念,促进社会组织健康发展并在社会治理中发挥重要作用。分析了课题的研究背景、研究意义,并对国内外关于社会组织参与社会治理的相关著作、政策文件以及期刊文档等文献资料进行科学总结与梳理,明确提出本课题的研究目标、研究内容、研究方法及技术路线。 | |
| 606 | 0 | @a社会组织@Ashe hui zu zhi@x评价指标@x研究@y中国 |
| 690 | @aC916.1@v5 | |
| 701 | 0 | @a陈海玉@Achen hai yu@f(1976-)@4著 |
| 701 | 0 | @a郭学静@Aguo xue jing@f(1979-)@4著 |
| 801 | 0 | @aCN@b百万庄@c20210930 |
| 905 | @b1304074-77@dC916.1@e1784@f4 | |
| 社会治理视角下社会组织绩效评价指标体系与模型构建研究/陈海玉,郭学静著.-昆明:云南科技出版社,2020.12 |
| 220页;26cm |
| 教育部人文社科项目 |
| ISBN 978-7-5587-3313-0:CNY48.00 |
| 从社会治理视角,对社会组织的绩效内涵和维度进行界定,在此基础上构建绩效评价指标体系和模型,并进行实证研究,清晰、准确地定位社会组织在参与社会治理中出现的各类问题,探讨优化社会组织绩效的有效机制,倡导“志愿精神、多元主义、利他主义和参与共享”等价值理念,促进社会组织健康发展并在社会治理中发挥重要作用。分析了课题的研究背景、研究意义,并对国内外关于社会组织参与社会治理的相关著作、政策文件以及期刊文档等文献资料进行科学总结与梳理,明确提出本课题的研究目标、研究内容、研究方法及技术路线。 |
| ● |
| 相关链接 |
|
|
|
|
正题名:社会治理视角下社会组织绩效评价指标体系与模型构建研究
索取号:C916.1/1784
 
预约/预借
| 序号 | 登录号 | 条形码 | 馆藏地/架位号 | 状态 | 备注 |
| 1 | 1304074 | 213040742 | 第一样本阅览室/ [索取号:C916.1/1784] | 在馆 | |
| 2 | 1304075 | 213040751 | 第一借阅区/ [索取号:C916.1/1784] | 在馆 | |
| 3 | 1304076 | 213040760 | 第一借阅区/ [索取号:C916.1/1784] | 在馆 | |
| 4 | 1304077 | 213040779 | 第一借阅区/ [索取号:C916.1/1784] | 在馆 |